000 00451nam a2200181Ia 4500
001 4994
005 20260306145835.0
008 260306t2016||||xx |||||||||||||| ||spa||
041 _aESP
082 _a332.6
_bC75
100 _aCollazos Cerrón, Jesús
_eAUT
245 0 _aManual de proyectos de inversión privada y pública
260 _c2016
300 _a621 páginas :
_c24 cm.
650 _aGEN
654 _aCAN
942 _cLIB
_dJUS
_fJUS
_2ddc
_n
999 _c4994
_d4994